Statistieken voor Het Nederlandse Monopoly bord

Klik hier om de quiz te nemen!

Algemene statistieken

  • Deze quiz is 728 keer genomen
  • De gemiddelde score is 12 van 22

Antwoordstatistieken

StadStraat% Correct
AmsterdamKalverstraat
91%
Ons DorpDorpsstraat
71%
UtrechtNeude
71%
RotterdamCoolsingel
70%
Ons DorpBrink
69%
Den HaagLange Poten
69%
Den HaagSpui
66%
AmsterdamLeidsestraat
60%
RotterdamBlaak
59%
GroningenGrote Markt
58%
GroningenA Kerkhof
57%
HaarlemBarteljorisstraat
54%
Den HaagPlein
52%
ArnhemVelperplein
49%
ArnhemSteenstraat
46%
ArnhemKetelstraat
43%
RotterdamHofplein
40%
UtrechtBiltstraat
34%
UtrechtVreeburg
34%
GroningenHeerestraat
32%
HaarlemHoutstraat
32%
HaarlemZijlweg
32%

Scoreverdeling

Percentiel versus Aantal Correcte Antwoorden

Procent van Mensen met Elke Score

Uw Scoregeschiedenis

U heeft deze quiz nog niet genomen